000
00315nam a2200121 a 4500
005
20140414131856.0
008
100901s19uu xx 00 eng d
050
_a
FIL
_b
B34 2009
100
_a
Tobias, Mae Astrid
245
_a
Bayong ng kuting.
260
_a
Manila, Philippines :
_b
Lampara,
_c
2009.
999
_c
110482
_d
110482